Countries Whose National Parks Cover the Most Area - Statistics

General Stats
  • This quiz has been taken 8 times
  • The average score is 9 of 15
Answer Stats
Area Country % Correct
250,000 Brazil
100%
377,000 Canada
100%
296,872 Russia
100%
210,000 United States
100%
335,062 Australia
86%
79,665 Peru
71%
75,910 Bolivia
57%
146,046 Chile
57%
169,545 Colombia
57%
160,520 Indonesia
57%
199,418 Venezuela
57%
132,920 Pakistan
43%
240,836 Zambia
29%
557,662 Algeria
14%
99,307 Tanzania
14%
No matching quizzes found
Score Distribution
Percent of People with Each Score
Percentile by Number Answered
Your Score History
You have not taken this quiz